| 000 | 00399nam a22001457a 4500 | ||
|---|---|---|---|
| 020 | _a978-93-83876-97-6 | ||
| 082 |
_a894.812 _bSIV/B |
||
| 100 | _aTHEKKINIYEDATH, SIVADASAN | ||
| 245 |
_aBODHIVRIKSHATHANALIL _bBUDHANTE JEEVITHAVUM DARSHANAVUM |
||
| 250 | _aTHIRD EDITION | ||
| 260 |
_aTHRISSUR _bH & C PUBLISHING HOUSE _c2018 |
||
| 300 | _a91 | ||
| 650 |
_aMALAYALAM/ BIOGRAPHY _zKERALA |
||
| 942 | _cBK | ||
| 999 |
_c7078 _d7078 |
||